Times de cada grupo da Copa do Mundo de Clubes FIFA 2025 - Statistics

Estatísticas Gerais
  • Esse quiz foi jogado 96 vezes
    67 desde o último reset
  • A pontuação média é 24 de 32
Estatísticas das Respostas
Grupo Time % Correto
Botafogo
95%
F Fluminense FC
95%
A SE Palmeiras
95%
D CR Flamengo
93%
B Paris Saint-Germain
91%
Atlético de Madrid
87%
Chelsea FC
87%
FC Porto
87%
H Real Madrid C.F.
87%
C FC Bayern München
85%
Inter Miami CF
85%
Al Hilal
84%
G Manchester City
84%
Borussia Dortmund
82%
CA Boca Juniors
82%
SL Benfica
82%
Juventus FC
80%
E CA River Plate
78%
Al Ahly FC
69%
Los Angeles FC
69%
FC Internazionale Milano
67%
Seattle Sounders FC
65%
Auckland City FC
64%
Espérance Sportive deTunisie
64%
CF Monterrey
62%
CF Pachuca
60%
Urawa Red Diamonds
60%
Al Ain FC
58%
FC Red Bull Salzburg
58%
Mamelodi Sundowns FC
53%
Ulsan HD
53%
Wydad AC
49%
Nenhum quiz correspondente encontrado
Distribuição das Pontuações
Porcentagem de Pessoas com Cada Pontuação
Percentil de Números Respondidos
Sua Pontuação Histórica
Você não jogou esse quiz desde o último reset